000 00863nam a22001697a 4500
003 OSt
005 20251202163525.0
008 251202b |||||||| |||| 00| 0 eng d
040 _cDCL
082 _a၂၉၄.၃၆၅၇၀၉
100 _aကုမာရ ၊
_cဘဒ္ဒန္တ-
245 1 0 _aနိုင်ငံတော်ပရိယတ္တိသာသနာ့တက္ကသိုလ်များသမိုင်း /
_cဘဒ္ဒန္တကုမာရ။
264 _aရန်ကုန် ၊
_bကာလာဇုံပုံနှိပ်တိုက်၊
_c၂၀၀၇။
300 _a၃၅၅ စာမျက်နှာ ၊
_c၂၁ စင်တီ။
650 _aပရိယတ္တိသာသနာ့တက္ကသိုလ်များ
_vသမိုင်း
942 _2ddc
_cSHORT TERM
_n0
999 _c2654
_d2654